000 00225nam a2200097Ia 4500
008 231212s1976 xx 000 0 und d
041 _aeng
100 _aMileaf Harry
245 _aElectricity
260 _aU.S.A.
_bWiley E
_c1976
999 _c959967
_d959967